| 000 | 01175cam a2200361 i 4500 | ||
|---|---|---|---|
| 001 | 3107 | ||
| 003 | KOSZ 005 | ||
| 005 | 20220322100835.0 | ||
| 008 | 981103s1986 pl a f f |000 0 pol | ||
| 015 | _aPB 1986/5872 | ||
| 040 |
_aWA N _cWA N _dKOSZ 005/HR |
||
| 041 | 0 | _apol | |
| 046 | _k1980 | ||
| 080 | _a621.51/.54 | ||
| 080 | _a681.5 | ||
| 080 | _a(075.8) | ||
| 100 | 1 |
_aHolejko, Danuta _eAutor |
|
| 245 | 1 | 0 |
_aPneumatyczne urządzenia automatyki : _blaboratorium / _cDanuta Holejko, Wiesław Niewczas. |
| 260 |
_aWarszawa : _bWydawnictwa Politechniki Warszawskiej, _c1986. |
||
| 300 |
_a182 s. : _brys., wykr. ; _c24 cm. |
||
| 380 | _aKsiążki | ||
| 388 | _a1901-2000 | ||
| 388 | _a1945-1989 | ||
| 504 | _aBibliogr. s. 179-182. | ||
| 650 | 4 | _aAutomatyka | |
| 650 | 4 | _aMaszyny i narzędzia pneumatyczne | |
| 655 | 4 | _aPodręczniki akademickie | |
| 658 | _aInżynieria i technika | ||
| 700 | 1 |
_aNiewczas, Wiesław _eAutor |
|
| 710 | 2 |
_aWydawnictwa Politechniki Warszawskiej _4pbl. |
|
| 856 |
_uhttp://koha.tu.koszalin.pl/cgi-bin/koha/opac-detail.pl?biblionumber=3107 _yKatalog online BPK |
||
| 942 |
_2UKD _cKS |
||
| 999 |
_c3107 _d3107 |
||